000 00322nam a2200145 4500
008 170717s2015||||xo d
245 1 0 _aAbeceda domáceho majstra
250 _a1. vydanie
260 _bPríroda
_aBratislava
_c2015
300 _a351 s.
020 _c0
041 1 _aslo
044 _axo
_cSK
958 _aA
999 _c21533
_d21533